00720nam a2200193 a 4500001001000000005001700010008004100027020001800068040001800086050002600104100002200130245008300152260005100235300003200286500009500318504003200413650003500445650004600480BRCA_166220190320203509.0051117s2006 nyua---##b---#000-0#eng-# a9780939896257 aDLCcDLCdDLC 4aND1460.V35b.K45 20061 aKelly, Raymond J.10aTo Be, Or Not To BebFour Hundred Years of Vanitas PaintingcRaymond J. Kelly. aMichigan, E.U.bFlint Institute of Artscc2006 a122 p.bil. a colorc27 cm. aCatálogo de la exposición realizada en Flint Institute of Arts (Michigan, E.U.), 2006 aBibliografía : p. 119-12214aVanitasvExposicioneszHolanda14aPintura modernavExposicionesySiglo XVII